Fluoride removal from aqueous media by electrogenerated Al(OH)3
The removal of fluoride from aqueous media was carried out by electrocoagulation with aluminium sacrificial anode. The electrogenerated Al(OH)3 has high fluoride adsorption capacity. The applied current density was of 10, 30 and 50 A/m2 , respectively, the initial fluoride concentration was of 5 mg/...
Elmentve itt :
| Szerzők: | |
|---|---|
| Testületi szerző: | |
| Dokumentumtípus: | Könyv része |
| Megjelent: |
2015
|
| Sorozat: | Proceedings of the International Symposium on Analytical and Environmental Problems
21 |
| Kulcsszavak: | Elektrokémia, Analitikai kémia |
| Online Access: | http://acta.bibl.u-szeged.hu/55971 |
| LEADER | 01340naa a2200217 i 4500 | ||
|---|---|---|---|
| 001 | acta55971 | ||
| 005 | 20260224081030.0 | ||
| 008 | 181206s2015 hu o 100 eng d | ||
| 020 | |a 978-963-306-411-5 | ||
| 040 | |a SZTE Egyetemi Kiadványok Repozitórium |b hun | ||
| 041 | |a eng | ||
| 100 | 1 | |a Ihos Monica | |
| 245 | 1 | 0 | |a Fluoride removal from aqueous media by electrogenerated Al(OH)3 |h [elektronikus dokumentum] / |c Ihos Monica |
| 260 | |c 2015 | ||
| 300 | |a 239-242 | ||
| 490 | 0 | |a Proceedings of the International Symposium on Analytical and Environmental Problems |v 21 | |
| 520 | 3 | |a The removal of fluoride from aqueous media was carried out by electrocoagulation with aluminium sacrificial anode. The electrogenerated Al(OH)3 has high fluoride adsorption capacity. The applied current density was of 10, 30 and 50 A/m2 , respectively, the initial fluoride concentration was of 5 mg/L and 10 mg/L, respectively and pH of 7. The supporting electrolyte was 0.01 M Na Cl. Concentrations of fluoride in the electrolysed solutions of about 0.20 mg/L were obtained. | |
| 695 | |a Elektrokémia, Analitikai kémia | ||
| 700 | 0 | 1 | |a Andres Ladislau |e aut |
| 710 | |a International Symposium on Analytical and Environmental Problems (21.) (2015) (Szeged) | ||
| 856 | 4 | 0 | |u http://acta.bibl.u-szeged.hu/55971/1/proceedings_of_isaep_2015_239-242.pdf |z Dokumentum-elérés |